01251nam a2200217Ia 4500008004100000050001900041100002900060240012000089245012700209260005600336300001900392500012700411500004900538504004800587505026600635650001700901650001700918650003100935700003300966700003400999200130b1985 ar |||| |||| 00| 0 spa d aRC480 5 bR635 aRogers, Carl R. eautor  aA theory of therapy, personality, and interpersonal relationships, as developed in the client-centered lEspañol  aTerapia, personalidad y relaciones interpersonales c/ Rogers, Carl R.; traducción: Ofelia, Castillaoy Antonio, Carmona  aBuenos Aires b: Ediciones Nueva Visión c, 1985  a117 páginas  aTítulo original: A theory of therapy, personality, and interpersonal relationships, as developed in the client-centered  aIncluye: Indice, Introducción (pp. 7 - 13) aReferencias bibliográficas (pp. 113 -117) aTeoría de la terapia y del cambio de la personalidad Teoría de la personalidad Teoría del funcionamiento óptimo de la personalidad Teoría de las relaciones interpersonales Teorías de aplicación El sistema teórico y la investigación  0aPERSONALIDAD 0aPSICOTERAPIA 0aRELACIONES INTERPERSONALES aCastillo, Ofeliaetraductora aCarmona, Antonio etraductor